[Event "Indywidualne Mistrzostwa Polski Juniorow do lat 16 - Chlopcy"]
[Site "Szklarska Poreba"]
[Date "1899-12-30"]
[Round "2.2"]
[White "Baum, Jonasz"]
[Black "Gorkiewicz, Mateusz"]
[Result "1-0"]
[WhiteTitle "FM"]
[BlackTitle "I"]
[WhiteElo "2290"]
[BlackElo "1990"]

1. d4 d5 2. c4 e6 3. Nf3 Nf6 4. g3 Be7 5. Bg2 O-O 6. O-O dxc4 7. Ne5 Nc6 8. Bxc6
bxc6 9. Nxc6 Qe8 10. Nxe7+ Qxe7 11. Qc2 c5 12. Qxc4 cxd4 13. Qxd4 e5 14. Qh4 Qc7
15. Nc3 Bb7 16. Be3 Nd5 17. Nxd5 Bxd5 18. Rfd1 Qb7 19. Bc5 Rfe8 20. b4 f6 21.
Rd2 Be6 22. Rad1 a5 23. a3 axb4 24. axb4 Qc7 25. Qe4 Rad8 26. Rd6 Bb3 27. R1d3
Rxd6 28. Rxd6 Bf7 29. Qd3 Qb7 30. e4 Qa8 31. f3 Qa1+ 32. Kf2 Qa2+ 33. Qd2 Qa8
34. g4 Qc8 35. Kg2 Be6 36. h3 Qa8 37. Bf2 Qb8 38. Bc5 Qa8 39. b5 Qc8 40. Bf2 h5
41. Kg3 hxg4 42. hxg4 Qb7 43. b6 Qb8 44. Bc5 Qa8 45. Rxe6 Rxe6 46. Qd5 Qxd5 47.
exd5 Re8 48. Bd6 e4 49. b7 1-0

[Event "Indywidualne Mistrzostwa Polski Juniorow do lat 16 - Chlopcy"]
[Site "Szklarska Poreba"]
[Date "1899-12-30"]
[Round "2.3"]
[White "Ossolinski, Ziemowit"]
[Black "Mis, Mieszko"]
[Result "0-1"]
[WhiteTitle "I+"]
[BlackTitle "FM"]
[WhiteElo "1946"]
[BlackElo "2272"]

1. e4 g6 2. d4 Bg7 3. Nc3 d6 4. f4 a6 5. Nf3 b5 6. Bd3 Nd7 7. e5 c5 8. Ne4 cxd4
9. exd6 Nh6 10. dxe7 Qxe7 11. Qe2 O-O 12. Bd2 Bb7 13. O-O Rfe8 14. Rfe1 Nf5 15.
a3 Nb6 16. Bb4 Qd8 17. g4 a5 18. Bc5 Na4 19. Ne5 Nh4 20. Bxb5 Bxe5 21. Bxa4 Re6
22. Bb3 Bxf4 23. Bxe6 Be3+ 24. Qxe3 dxe3 25. Bxf7+ Kxf7 26. Rf1+ Kg8 0-1

[Event "Indywidualne Mistrzostwa Polski Juniorow do lat 16 - Chlopcy"]
[Site "Szklarska Poreba"]
[Date "1899-12-30"]
[Round "2.4"]
[White "Czopor, Maciej"]
[Black "Panek, Bartosz"]
[Result "1-0"]
[WhiteTitle "k"]
[BlackTitle "I"]
[WhiteElo "2229"]
[BlackElo "1946"]

1. e4 g6 2. d4 Bg7 3. Nc3 d5 4. exd5 Nf6 5. Bb5+ Nbd7 6. Nf3 O-O 7. O-O Nb6 8.
Re1 Nfxd5 9. Ne4 Bg4 10. c3 c6 11. Bf1 Nf6 12. Nc5 Qc7 13. h3 Bf5 14. Ne5 Rae8
15. Bf4 Qc8 16. g4 Bd7 17. Qb3 h5 18. Nxg6 hxg4 19. Nxf8 Kxf8 20. hxg4 Bxg4 21.
c4 Nh5 22. Be5 Qf5 23. Qd3 Qg5 24. Ne4 Qh4 25. Qe3 f6 26. Bg3 Nxg3 27. Nxg3 Kf7
28. Be2 e6 29. Qf4 f5 30. Bxg4 Qxg4 31. Qxg4 fxg4 32. b3 Bxd4 33. Rad1 c5 34.
Re4 Rg8 35. Kg2 Nd7 36. Nh5 e5 37. Rh1 Nf6 38. Nxf6 Kxf6 39. Rh7 Kf5 40. Re2 Rb8
41. Kg3 a6 42. Rh5+ Kg6 43. Kxg4 Rf8 44. Rg5+ Kh6 45. Rf5 Rg8+ 46. Kf3 Kg6 47.
Ke4 Rh8 48. Rf3 b5 49. Re1 Rh4+ 50. Kd5 Rg4 51. Rg3 Kf5 52. Rxg4 Kxg4 53. Rxe5
1-0

[Event "Indywidualne Mistrzostwa Polski Juniorow do lat 16 - Chlopcy"]
[Site "Szklarska Poreba"]
[Date "1899-12-30"]
[Round "2.5"]
[White "Pniaczek, Marek"]
[Black "Distel, Pawel"]
[Result "1-0"]
[WhiteTitle "CM"]
[BlackTitle "I"]
[WhiteElo "2168"]
[BlackElo "1751"]

1. d4 Nf6 2. Nf3 g6 3. c4 Bg7 4. Nc3 d6 5. g3 O-O 6. Bg2 Nfd7 7. O-O Nc6 8. b3
e5 9. e3 h6 10. Bb2 f5 11. dxe5 Ncxe5 12. Nd4 Nf6 13. Qc2 Nf7 14. Rad1 Re8 15.
Rfe1 Ng5 16. f3 Ne6 17. Nxe6 Bxe6 18. f4 Rb8 19. Qd2 a6 20. e4 Qd7 21. Re3 b5
22. cxb5 axb5 23. exf5 Bxf5 24. Nd5 Nxd5 25. Bxd5+ Kh7 26. Bxg7 Kxg7 27. Rxe8
Qxe8 28. Qc3+ Kh7 29. Qxc7+ Kh8 30. Qc3+ Kh7 31. Re1 Rc8 32. Bg8+ Kxg8 33. Rxe8+
Rxe8 34. Qc6 Rc8 35. Qxb5 Rc1+ 36. Kf2 Rc2+ 37. Ke3 Rxa2 38. h4 h5 39. Qd5+ Kf8
40. Qxd6+ Ke8 41. b4 Ra3+ 42. Kd2 Rb3 43. Qe5+ Kf7 44. b5 Bd7 45. Qc7 1-0

[Event "Indywidualne Mistrzostwa Polski Juniorow do lat 16 - Chlopcy"]
[Site "Szklarska Poreba"]
[Date "1899-12-30"]
[Round "2.6"]
[White "Kania, Dominik"]
[Black "Redzisz, Michal"]
[Result "0-1"]
[WhiteTitle "I"]
[BlackTitle "k"]
[WhiteElo "1759"]
[BlackElo "2117"]

1. d4 Nf6 2. Bf4 d5 3. e3 c5 4. Nf3 Nc6 5. c3 Qb6 6. Qb3 c4 7. Qc2 Bf5 8. Qc1 e6
9. Nbd2 h6 10. h3 Be7 11. Be2 O-O 12. O-O Qd8 13. Bd1 Bd6 14. Bxd6 Qxd6 15. Bc2
b5 16. Re1 Ne4 17. Nxe4 Bxe4 18. Nd2 Bxc2 19. Qxc2 e5 20. dxe5 Nxe5 21. e4 Nd3
22. Re2 Qg6 23. Re3 dxe4 24. Nxe4 f5 25. Rg3 Qb6 26. Nd2 Qxf2+ 27. Kh2 Rad8 28.
Rd1 f4 29. Rf3 Qe2 30. Qb1 Nc5 31. Qc2 Rd3 32. Qc1 Rfd8 33. Re1 Qxd2 34. Rxd3
Rxd3 35. Qb1 f3 0-1

[Event "Indywidualne Mistrzostwa Polski Juniorow do lat 16 - Chlopcy"]
[Site "Szklarska Poreba"]
[Date "1899-12-30"]
[Round "2.7"]
[White "Zabron, Maksym"]
[Black "Niedbala, Bartlomiej"]
[Result "0-1"]
[WhiteTitle "I"]
[BlackTitle "I++"]
[WhiteElo "1678"]
[BlackElo "2087"]

1. d4 Nf6 2. c4 e6 3. Nf3 b6 4. a3 Bb7 5. Nc3 d5 6. e3 Nbd7 7. b3 Bd6 8. Bd3 O-O
9. O-O a6 10. Bb2 Qe7 11. Nd2 e5 12. cxd5 exd4 13. exd4 Rfe8 14. Qf3 b5 15. Rfe1
Qxe1+ 16. Rxe1 Rxe1+ 17. Nf1 Rae8 18. Qf5 Nb6 19. g4 Bc8 20. Qg5 h6 21. Qd2 Bxg4
22. Kg2 Nbxd5 23. f3 Bf4 24. Qc2 Rxf1 25. Bh7+ Kh8 26. Nxd5 Nxd5 0-1

[Event "Indywidualne Mistrzostwa Polski Juniorow do lat 16 - Chlopcy"]
[Site "Szklarska Poreba"]
[Date "1899-12-30"]
[Round "2.8"]
[White "Fiedorek, Michal"]
[Black "Majdanski, Maksymilian"]
[Result "1-0"]
[WhiteTitle "k"]
[BlackTitle "I"]
[WhiteElo "2049"]
[BlackElo "1686"]

1. e4 e5 2. Nf3 Nc6 3. Bb5 a6 4. Ba4 Nf6 5. O-O Be7 6. Re1 b5 7. Bb3 O-O 8. a4
b4 9. d4 d6 10. dxe5 Nxe5 11. Nxe5 dxe5 12. Qf3 Bb7 13. Nd2 Kh8 14. h3 Bc5 15.
Qe2 Qd4 16. Bc4 Bb6 17. a5 Ba7 18. Bd3 Nd7 19. Nc4 Qc5 20. Ne3 g6 21. b3 Qd6 22.
Nc4 Qe6 23. Bb2 Bd4 24. Bxd4 exd4 25. Qd2 c5 26. Qf4 Qf6 27. Qg3 Bc6 28. f4 Bb5
29. e5 Qe6 30. Be4 Bc6 31. Nd6 Bxe4 32. Nxe4 h6 33. Qh4 Kg7 34. Ng3 f5 35. exf6+
Qxf6 36. Qg4 Qf7 37. f5 Nf6 38. Qf3 g5 39. Re6 Rfe8 40. Rae1 Rac8 41. Qe2 Ra8
42. Nh5+ Qxh5 43. Qxh5 Nxh5 44. Rxe8 Rxe8 45. Rxe8 Ng3 46. Re6 Nxf5 47. Rxa6 Ne3
48. Rd6 Nxc2 1-0

[Event "Indywidualne Mistrzostwa Polski Juniorow do lat 16 - Chlopcy"]
[Site "Szklarska Poreba"]
[Date "1899-12-30"]
[Round "2.9"]
[White "Jankowski, Igor"]
[Black "Bachor, Tomasz"]
[Result "0-1"]
[WhiteTitle "II+"]
[BlackTitle "I+"]
[WhiteElo "1503"]
[BlackElo "2010"]

1. b4 e6 2. Bb2 Nf6 3. a3 d5 4. Nf3 Bd6 5. e3 a5 6. b5 O-O 7. Be2 c6 8. O-O Nbd7
9. c4 cxb5 10. cxb5 e5 11. d3 Qe7 12. Nbd2 Nb6 13. a4 Bf5 14. Qb3 Nbd7 15. Ba3
b6 16. Bxd6 Qxd6 17. Rfc1 Rac8 18. Nf1 h6 19. Ng3 Be6 20. Qb2 Bg4 21. h3 Bxf3
22. Bxf3 g6 23. Bd1 Nc5 24. Qa3 d4 25. e4 Kg7 26. Nf1 Rc7 27. Nd2 Nfd7 28. Nc4
Qe6 29. Be2 Rfc8 30. Rf1 Nxe4 31. dxe4 Rxc4 32. Bxc4 Rxc4 33. Rac1 Nc5 34. Rxc4
Qxc4 35. Ra1 d3 36. f3 Qd4+ 37. Kh2 h5 38. Qa2 h4 39. Qa3 Qe3 40. Qb2 f6 41. Qa2
Qd4 42. Rd1 f5 43. exf5 gxf5 44. Rf1 Qxa4 45. Qd5 Qd4 46. Qc6 Qd8 47. Rd1 a4 48.
Rd2 a3 49. Ra2 d2 50. Ra1 d1=Q 51. Rxd1 Qxd1 52. Qxb6 Nd7 53. Qa7 Qd6 54. b6 e4+
55. Kh1 e3 56. b7 e2 57. Qe3 Qd1+ 58. Kh2 e1=Q 59. Qg5+ Kf7 60. Qh5+ Ke6 61. Qe8+
Kd6 62. b8=Q+ Nxb8 63. Qxb8+ Ke5 0-1

[Event "Indywidualne Mistrzostwa Polski Juniorow do lat 16 - Chlopcy"]
[Site "Szklarska Poreba"]
[Date "1899-12-30"]
[Round "2.10"]
[White "Sanz Wawer, Daniel"]
[Black "Dalkowski, Rafal"]
[Result "1-0"]
[WhiteTitle "k"]
[BlackTitle "II"]
[WhiteElo "2146"]
[BlackElo "1607"]

1. e4 c6 2. d4 d5 3. Nc3 dxe4 4. Nxe4 Bf5 5. Ng3 Bg6 6. N1e2 e6 7. Nf4 Bd6 8. c3
Qc7 9. Qf3 Ne7 10. h4 Nd7 11. h5 Bf5 12. Nxf5 Nxf5 13. Bc4 Nb6 14. Bb3 c5 15.
dxc5 Bxc5 16. O-O Ne7 17. Rd1 Qc6 18. Qg4 g6 19. a4 a5 20. h6 Nd7 21. Nd3 O-O-O
22. Bg5 Rhe8 23. Bc4 Rf8 24. Nxc5 Qxc5 25. b4 axb4 26. cxb4 Qxb4 27. Rab1 Qc5
28. Bxe6 1-0

[Event "Indywidualne Mistrzostwa Polski Juniorow do lat 16 - Chlopcy"]
[Site "Szklarska Poreba"]
[Date "1899-12-30"]
[Round "2.11"]
[White "Kozlowski, Michal"]
[Black "Golenia, Wojciech"]
[Result "1-0"]
[WhiteTitle "I+"]
[BlackTitle "k"]
[WhiteElo "1826"]
[BlackElo "2179"]

1. e4 e5 2. Nf3 Nc6 3. Bc4 Nf6 4. d3 Bc5 5. Nc3 d6 6. Be3 Nd4 7. Bxd4 exd4 8. Na4
O-O 9. Nxc5 dxc5 10. h3 c6 11. O-O Re8 12. Ng5 Re7 13. e5 Nd5 14. Bxd5 Qxd5 15.
f4 Bd7 16. Qh5 Bf5 17. Qh4 f6 18. Nf3 Rf7 19. g4 Bd7 20. f5 fxe5 21. Ng5 Rf6 22.
Qxh7+ Kf8 23. Qh8+ Qg8 24. Nh7+ Kf7 25. Qxg8+ Rxg8 26. Nxf6 gxf6 27. Kf2 c4 28.
Rg1 c5 29. b3 c3 30. Rae1 b5 31. h4 c4 32. bxc4 bxc4 33. Rb1 Bc6 34. Rb4 Bd5 35.
Rb5 Rd8 36. g5 e4 37. g6+ Kg7 38. Ke2 cxd3+ 39. cxd3 e3 40. h5 Bxa2 41. Rb7+ Kh8
42. g7+ Kg8 43. h6 Bf7 44. Rxf7 Kxf7 45. h7 1-0

[Event "Indywidualne Mistrzostwa Polski Juniorow do lat 16 - Chlopcy"]
[Site "Szklarska Poreba"]
[Date "1899-12-30"]
[Round "2.12"]
[White "Bojczewski, Mateusz"]
[Black "Szczurek, Krzysztof"]
[Result "0-1"]
[WhiteTitle "I+"]
[BlackTitle "FM"]
[WhiteElo "1751"]
[BlackElo "2164"]

1. e4 g6 2. d4 Bg7 3. Nf3 d6 4. Nc3 Nf6 5. Be2 O-O 6. O-O Nbd7 7. h3 e5 8. dxe5
dxe5 9. Be3 Qe7 10. Nd5 Nxd5 11. Qxd5 c6 12. Qc4 Re8 13. Rad1 Nb6 14. Qc3 Be6
15. b3 f6 16. a4 h6 17. Rd2 f5 18. exf5 e4 19. Nd4 Nd5 20. Qa1 gxf5 21. c4 Nxe3
22. fxe3 c5 0-1

[Event "Indywidualne Mistrzostwa Polski Juniorow do lat 16 - Chlopcy"]
[Site "Szklarska Poreba"]
[Date "1899-12-30"]
[Round "2.13"]
[White "Dixa, Oskar"]
[Black "Kopec, Norbert"]
[Result "0-1"]
[WhiteTitle "k"]
[BlackTitle "I"]
[WhiteElo "2101"]
[BlackElo "1826"]

1. e4 c5 2. Nf3 d6 3. d4 cxd4 4. Nxd4 Nf6 5. Nc3 g6 6. Be3 Bg7 7. f3 O-O 8. Qd2
Nc6 9. Bc4 Bd7 10. O-O-O Rc8 11. Bb3 Ne5 12. h4 h5 13. Bg5 Rc5 14. Nd5 Nxd5 15.
Bxd5 Re8 16. g4 Qb6 17. gxh5 Rxd5 18. exd5 Nxf3 19. Qd3 Qxd4 20. Qxf3 Qxb2+ 21.
Kd2 Qb4+ 22. c3 Qb2+ 23. Ke3 Rc8 24. Rd3 Bf5 25. hxg6 fxg6 26. Rd2 Rxc3+ 0-1

[Event "Indywidualne Mistrzostwa Polski Juniorow do lat 16 - Chlopcy"]
[Site "Szklarska Poreba"]
[Date "1899-12-30"]
[Round "2.14"]
[White "Strzelecki, Maciej"]
[Black "Derylo, Kamil"]
[Result "1/2-1/2"]
[WhiteTitle "k"]
[BlackTitle "I"]
[WhiteElo "2032"]
[BlackElo "1783"]

1. e4 c5 2. Nf3 Nc6 3. d4 cxd4 4. Nxd4 Nf6 5. Nc3 e5 6. Ndb5 d6 7. Bg5 a6 8. Na3
b5 9. Nd5 Be7 10. Bxf6 Bxf6 11. c3 Ne7 12. Nxf6+ gxf6 13. Bd3 Bb7 14. O-O O-O
15. Nc2 d5 16. exd5 Qxd5 17. Ne3 Qe6 18. a4 e4 19. Bc2 bxa4 20. Rxa4 Rad8 21.
Rd4 Rxd4 22. Qxd4 f5 23. Rd1 f4 24. Nc4 Bd5 25. Nb6 Bc6 26. Nd7 Bxd7 27. Qxd7
Rb8 28. b4 Rc8 29. Qd4 f5 30. Rb1 Nc6 31. Qb6 Qe5 32. Qxa6 Rc7 33. b5 Nb8 34.
Bb3+ Kg7 35. Qb6 Rxc3 36. Qb7+ Rc7 37. Qd5 Qxd5 38. Bxd5 Rc5 39. Ba8 Nd7 1/2-1/2

[Event "Indywidualne Mistrzostwa Polski Juniorow do lat 16 - Chlopcy"]
[Site "Szklarska Poreba"]
[Date "1899-12-30"]
[Round "2.15"]
[White "Suder, Jakub"]
[Black "Oborski, Artur"]
[Result "1-0"]
[WhiteTitle "I++"]
[BlackTitle "I++"]
[WhiteElo "1868"]
[BlackElo "2023"]

1. d4 Nf6 2. c4 g6 3. Nc3 d5 4. Nf3 Bg7 5. Bg5 Ne4 6. cxd5 Nxg5 7. Nxg5 e6 8. Nf3
exd5 9. e3 c6 10. Bd3 Qe7 11. O-O O-O 12. Rb1 a5 13. Qc2 Be6 14. Rfc1 Nd7 15.
Na4 Rfc8 16. Qb3 b5 17. Nc5 Nxc5 18. Rxc5 Bd7 19. a4 b4 20. Qd1 f5 21. Bf1 g5
22. Qd2 Rf8 23. Rcc1 Rae8 24. Kh1 Qd8 25. Re1 Re6 26. Ng1 f4 27. Bd3 Rh6 28. e4
g4 29. g3 f3 30. e5 Bf5 31. Rbc1 Bxd3 32. Qxd3 Qg5 33. h3 Re6 34. Rc5 gxh3 35.
Kh2 Qg4 36. Rxa5 h5 37. Re3 h4 38. Rxf3 hxg3+ 39. fxg3 Qe4 40. Rxf8+ Bxf8 41.
Qxe4 dxe4 42. Ra6 Bh6 43. Ne2 Kf7 44. Kxh3 c5 45. Ra5 c4 46. Rc5 Ra6 47. Rxc4
Rxa4 48. Kg4 Bf8 49. Rc1 Ra2 50. Rb1 Ke6 51. Nf4+ Kd7 52. Kf5 1-0

[Event "Indywidualne Mistrzostwa Polski Juniorow do lat 16 - Chlopcy"]
[Site "Szklarska Poreba"]
[Date "1899-12-30"]
[Round "2.16"]
[White "Piekielny, Pawel"]
[Black "Lichorad, Mateusz"]
[Result "1/2-1/2"]
[WhiteTitle "I++"]
[BlackTitle "I"]
[WhiteElo "2017"]
[BlackElo "1752"]

1. e4 c5 2. Nf3 e6 3. d4 cxd4 4. Nxd4 Nc6 5. Nc3 Qc7 6. Be3 a6 7. Qd2 Nf6 8. O-O-O
Bb4 9. f3 d5 10. Nxc6 bxc6 11. a3 Be7 12. Qf2 O-O 13. g4 Rb8 14. g5 Nd7 15. Bd3
Ne5 16. f4 Ng4 17. Qg3 Nxe3 18. Qxe3 d4 19. Qxd4 Qxf4+ 20. Kb1 Bxa3 21. b3 e5
22. Qa7 Be6 23. Na4 c5 24. Qxa6 Ra8 25. Qc6 Rfc8 26. Qd6 Rd8 27. Qb6 Rdb8 28.
Qc6 Rc8 29. Qd6 Rd8 30. Qb6 Rdb8 31. Qc6 Rc8 32. Qd6 1/2-1/2

[Event "Indywidualne Mistrzostwa Polski Juniorow do lat 16 - Chlopcy"]
[Site "Szklarska Poreba"]
[Date "1899-12-30"]
[Round "2.17"]
[White "Paprocki, Stanislaw"]
[Black "Warchol, Bartosz"]
[Result "1/2-1/2"]
[WhiteTitle "I"]
[BlackTitle "I++"]
[WhiteElo "1824"]
[BlackElo "2033"]

1. e4 c5 2. Nf3 d6 3. d4 cxd4 4. Nxd4 Nf6 5. Nc3 a6 6. f4 e5 7. Nf3 Nbd7 8. Bd3
b5 9. a3 Bb7 10. O-O Be7 11. Kh1 Qc7 12. Qe1 O-O 13. Bd2 Rad8 14. Nh4 g6 15. f5
d5 16. Bh6 Rfe8 17. Qg3 Nh5 18. Qf2 Nf4 19. Bxf4 exf4 20. Nxd5 Bxd5 21. exd5 Nb6
22. Nf3 Nxd5 23. a4 Ne3 24. Rfe1 Ng4 25. Qf1 Bc5 26. Rxe8+ Rxe8 27. h3 Ne3 28.
Qe1 Qc6 29. axb5 axb5 30. Qh4 Bd6 31. fxg6 hxg6 32. Qg5 Rb8 33. Bxg6 fxg6 34.
Qxg6+ Kf8 35. Ra7 Qd5 36. Qg7+ Ke8 37. Qd7+ 1/2-1/2

[Event "Indywidualne Mistrzostwa Polski Juniorow do lat 16 - Chlopcy"]
[Site "Szklarska Poreba"]
[Date "1899-12-30"]
[Round "2.18"]
[White "Musial, Tomasz"]
[Black "Czechowski, Jakub"]
[Result "0-1"]
[WhiteTitle "k"]
[BlackTitle "I"]
[WhiteElo "1983"]
[BlackElo "1865"]

1. d4 Nf6 2. c4 g6 3. Nf3 Bg7 4. g3 c6 5. Bg2 d5 6. Nbd2 O-O 7. O-O b6 8. b3 Bb7
9. Bb2 Nbd7 10. Rc1 Rc8 11. Ne1 c5 12. Nd3 e6 13. dxc5 bxc5 14. e3 Ba6 15. Nf4
Nb6 16. Qc2 dxc4 17. Nxc4 Nxc4 18. bxc4 Rb8 19. Nd3 Nd7 20. Bxg7 Kxg7 21. Rfd1
Qc7 22. Qc3+ Kg8 23. Qa3 Rb6 24. Nb2 Rfb8 25. Na4 Rd6 26. Nc3 Bxc4 27. Rxd6 Qxd6
28. Qxa7 Qd2 29. Rd1 Qxc3 30. Qxd7 Qc2 31. Bf1 Rb1 32. Qc8+ Kg7 33. Bxc4 Rxd1+
34. Bf1 Qe2 0-1

[Event "Indywidualne Mistrzostwa Polski Juniorow do lat 16 - Chlopcy"]
[Site "Szklarska Poreba"]
[Date "1899-12-30"]
[Round "2.19"]
[White "Chaczynski, Kamil"]
[Black "Skurniak, Szymon"]
[Result "0-1"]
[WhiteTitle "I"]
[BlackTitle "I"]
[WhiteElo "1773"]
[BlackElo "1970"]

1. e4 c5 2. Nf3 Nc6 3. Bb5 d6 4. O-O Bd7 5. Re1 a6 6. Bf1 Bg4 7. c3 Nf6 8. d4 Bxf3
9. gxf3 cxd4 10. cxd4 e5 11. d5 Nb8 12. Nc3 Be7 13. Bh3 Nh5 14. f4 Nxf4 15. Bxf4
exf4 16. Qa4+ Nd7 17. e5 b5 18. Nxb5 O-O 19. exd6 axb5 20. dxe7 bxa4 21. exd8=Q
Rfxd8 22. Rad1 Nf6 23. d6 Rab8 24. Re2 g5 25. f3 Rb6 26. d7 Kf8 27. Rd4 a3 28.
b3 h5 29. Re5 g4 30. Bf1 Rxd7 31. Rxd7 Nxd7 32. Rxh5 Rd6 33. Ra5 Rd2 34. Rxa3
Ne5 35. Bg2 Rd1+ 36. Kf2 Rd2+ 37. Kg1 gxf3 38. Bh3 Rd1+ 39. Kf2 Rd2+ 40. Kg1 Rd1+
41. Kf2 Rh1 42. Bf5 Rxh2+ 43. Kf1 Rh5 44. Be4 Rh1+ 45. Kf2 Rh2+ 46. Kf1 f2 47.
Ra8+ Kg7 48. Bf5 Kf6 49. Bc8 Nf3 50. Ra6+ Ke5 51. Ke2 Nd2 52. Ra5+ Kd4 53. Ra4+
Kc3 54. Rc4+ Kb2 0-1

[Event "Indywidualne Mistrzostwa Polski Juniorow do lat 16 - Chlopcy"]
[Site "Szklarska Poreba"]
[Date "1899-12-30"]
[Round "2.20"]
[White "Kucharski, Bartlomiej"]
[Black "Cisek, Kamil"]
[Result "1-0"]
[WhiteTitle "I+"]
[BlackTitle "I"]
[WhiteElo "1945"]
[BlackElo "1766"]

1. d4 Nf6 2. Bf4 e6 3. e3 d5 4. c3 Bd6 5. Bg3 O-O 6. Bd3 c5 7. Nd2 b6 8. Qe2 Nc6
9. f4 Bb7 10. Ngf3 g6 11. Ne5 Nd7 12. h4 f6 13. Nxc6 Bxc6 14. Qg4 Qe7 15. h5 f5
16. Qh3 Qg7 17. Nf3 Be7 18. Ke2 g5 19. fxg5 Bxg5 20. Nxg5 Qxg5 21. Bf4 Qg7 22.
h6 Qg6 23. Rag1 c4 24. Bc2 Nf6 25. g4 Nxg4 26. Rg3 Rfd8 27. Rhg1 Kf8 28. Qh4 Qf7
29. Rxg4 fxg4 30. Rxg4 Be8 31. Ke1 Rd7 32. Be5 b5 33. Rg7 Qxg7 34. hxg7+ 1-0

[Event "Indywidualne Mistrzostwa Polski Juniorow do lat 16 - Chlopcy"]
[Site "Szklarska Poreba"]
[Date "1899-12-30"]
[Round "2.21"]
[White "Mike, Patryk"]
[Black "Bartoszewski-reiski, Olaf"]
[Result "1-0"]
[WhiteTitle "I+"]
[BlackTitle "I+"]
[WhiteElo "1942"]
[BlackElo "1707"]

1. e4 c5 2. Nf3 Nc6 3. Bb5 g6 4. Bxc6 dxc6 5. d3 Bg7 6. h3 Nf6 7. Nc3 O-O 8. Be3
b6 9. Qd2 e5 10. O-O Qd6 11. a3 Bd7 12. b3 Nh5 13. Bh6 f5 14. exf5 gxf5 15. Bxg7
Nxg7 16. Na4 f4 17. Qc3 Rae8 18. Rfe1 Rf5 19. b4 cxb4 20. axb4 Rh5 21. Nb2 Qh6
22. Rxe5 Rexe5 23. Nxe5 Bxh3 24. gxh3 f3 25. Nxf3 Rxh3 26. Kg2 Ne6 27. Qc4 Kf8
28. Rg1 Nf4+ 29. Kf1 Rh1 30. Qg8+ Ke7 31. Qg5+ Qxg5 32. Nxg5 Rh5 33. Ne4 Rb5 34.
c3 a5 35. Rg7+ Ke6 36. Rg4 axb4 37. c4 Rf5 38. Ke1 h5 39. Rg7 h4 40. Rc7 c5 41.
Rh7 h3 42. f3 Rf8 43. Ng5+ Ke5 44. Nxh3 Kd4 45. Nxf4 Rxf4 46. Ke2 Kc3 47. Nd1+
Kb3 48. Rh6 Ka2 49. Rxb6 Rh4 50. Ke3 Rh1 51. Nf2 Rc1 52. Ne4 b3 53. Ra6+ Kb2 54.
Nxc5 Kc2 55. Nxb3 1-0

[Event "Indywidualne Mistrzostwa Polski Juniorow do lat 16 - Chlopcy"]
[Site "Szklarska Poreba"]
[Date "1899-12-30"]
[Round "2.22"]
[White "Pelka, Michal"]
[Black "Maciejewski, Kamil"]
[Result "1/2-1/2"]
[WhiteTitle "I"]
[BlackTitle "I"]
[WhiteElo "1745"]
[BlackElo "1930"]

1. e4 e6 2. d4 d5 3. Nd2 Nf6 4. e5 Nfd7 5. c3 c5 6. f4 Nc6 7. Ndf3 Qb6 8. a3 a5
9. Ne2 Be7 10. f5 Nf8 11. Nf4 Qd8 12. Nh5 Rg8 13. Bh6 gxh6 14. f6 Nd7 15. Ng7+
Kf8 16. fxe7+ Nxe7 17. Nh5 cxd4 18. cxd4 a4 19. Rc1 b6 20. Qd2 Nf5 21. Bd3 Rg6
22. Nf4 Rg7 23. Bxf5 exf5 24. O-O Kg8 25. Nxd5 Bb7 26. Nf4 Bxf3 27. Rxf3 Nxe5
28. Rfc3 Kh8 29. d5 Qd6 30. Qd4 Rag8 31. Kh1 h5 32. Rh3 h4 33. Rxh4 Ng6 34. Rc6
Qe7 35. Nxg6+ fxg6 36. Re6 Qg5 37. Re1 Rc8 38. Rh3 h6 39. Rg3 Rc1 40. Rge3 Rc2
41. R3e2 Rxe2 42. Rxe2 Qc1+ 43. Qg1 Qxg1+ 44. Kxg1 Rd7 45. Re6 b5 46. d6 Kg7 1/2-1/2

[Event "Indywidualne Mistrzostwa Polski Juniorow do lat 16 - Chlopcy"]
[Site "Szklarska Poreba"]
[Date "1899-12-30"]
[Round "2.23"]
[White "Jedrusik, Adam"]
[Black "Koziorowicz, Michal"]
[Result "1-0"]
[WhiteTitle "I"]
[BlackTitle "I++"]
[WhiteElo "1693"]
[BlackElo "1919"]

1. d4 Nf6 2. Nf3 c5 3. c3 e6 4. Bg5 Nc6 5. e3 cxd4 6. exd4 Be7 7. Nbd2 O-O 8. Bd3
a6 9. O-O b5 10. Ne5 Bb7 11. f4 Qc7 12. Bxf6 Bxf6 13. Ne4 Be7 14. Qh5 f5 15. Ng5
Bxg5 16. Qxg5 Rf6 17. Rf2 Ne7 18. Re1 Nd5 19. g4 d6 20. gxf5 dxe5 21. fxe5 Rf7
22. Ref1 Kh8 23. fxe6 Rxf2 24. Rxf2 Qc6 25. Qf5 Nf6 26. Kf1 Qh1+ 27. Ke2 Be4 28.
Bxe4 Qxe4+ 29. Qxe4 Nxe4 30. Rg2 h6 31. h4 Rc8 32. Kd3 Nc5+ 33. dxc5 Rxc5 34.
Kd4 Rc7 35. Kd5 Kg8 36. Kd6 Ra7 37. e7 Kf7 38. Rf2+ 1-0

[Event "Indywidualne Mistrzostwa Polski Juniorow do lat 16 - Chlopcy"]
[Site "Szklarska Poreba"]
[Date "1899-12-30"]
[Round "2.24"]
[White "Trybus, Daniel"]
[Black "Bujalski, Mateusz"]
[Result "1/2-1/2"]
[WhiteTitle "I+"]
[BlackTitle "I"]
[WhiteElo "1914"]
[BlackElo "1658"]

1. e4 c5 2. Nf3 Nc6 3. g3 Nf6 4. d3 d6 5. Bg2 g6 6. O-O Bg7 7. Qe2 Bg4 8. c3 O-O
9. Nbd2 Qd7 10. Rd1 b5 11. Nf1 Ne8 12. Ne3 Bxf3 13. Qxf3 Nc7 14. Nc2 e5 15. Be3
Ne6 16. Qe2 Rab8 17. f4 exf4 18. gxf4 Ne7 19. d4 c4 20. a4 a6 21. axb5 axb5 22.
Qf2 f5 23. e5 d5 24. Nb4 Ra8 25. Qf3 Nc7 26. Bf2 Rfd8 27. Bh4 Rxa1 28. Rxa1 Bf8
29. Ra7 Qc8 30. Na6 Nxa6 31. Bxe7 Bxe7 32. Rxe7 Qc6 33. Qh3 h5 34. Qh4 Rf8 35.
Bf3 Rf7 36. Rxf7 Kxf7 37. Bxd5+ Qxd5 38. Qf6+ Ke8 39. Qxg6+ Kd8 40. Qf6+ Kc7 41.
Qxa6 Qe4 42. Qa7+ Kc8 43. Qc5+ Kd8 44. Qf8+ Kc7 45. Qg7+ Kb8 46. e6 Qb1+ 47. Kg2
Qxb2+ 48. Kg3 Qxc3+ 49. Kh4 Qe1+ 50. Kxh5 Qxe6 51. Qf8+ Kb7 52. Qc5 1/2-1/2

[Event "Indywidualne Mistrzostwa Polski Juniorow do lat 16 - Chlopcy"]
[Site "Szklarska Poreba"]
[Date "1899-12-30"]
[Round "2.25"]
[White "Gardian, Adam"]
[Black "Kulesza, Andrzej"]
[Result "0-1"]
[WhiteTitle "I"]
[BlackTitle "I+"]
[WhiteElo "1612"]
[BlackElo "1913"]

1. e4 c5 2. d4 cxd4 3. c3 dxc3 4. Nxc3 e6 5. Nf3 a6 6. Bc4 Bc5 7. O-O Ne7 8. Bg5
Nbc6 9. Qe2 O-O 10. Rfd1 Qc7 11. Rac1 Ng6 12. Bb3 Ba7 13. Kh1 b5 14. h4 h6 15.
Bd2 Rd8 16. g3 Bb7 17. h5 Nge5 18. Bf4 d6 19. Rg1 Nxf3 20. Qxf3 Qe7 21. Kh2 Qf6
22. Qg4 Nd4 23. Bd1 b4 24. Na4 Bxe4 25. Be2 Bf5 0-1

[Event "Indywidualne Mistrzostwa Polski Juniorow do lat 16 - Chlopcy"]
[Site "Szklarska Poreba"]
[Date "1899-12-30"]
[Round "3.1"]
[White "Teclaf, Pawel"]
[Black "Pniaczek, Marek"]
[Result "0-1"]
[WhiteTitle "CM"]
[BlackTitle "CM"]
[WhiteElo "2460"]
[BlackElo "2168"]

1. Nf3 d5 2. b3 Nf6 3. Bb2 g6 4. g3 Bg7 5. Bg2 O-O 6. c4 b6 7. cxd5 Bb7 8. O-O
Nbd7 9. Re1 Bxd5 10. Nc3 Bb7 11. d4 Ne4 12. Qc2 Nxc3 13. Bxc3 c5 14. Rad1 cxd4
15. Bxd4 Rc8 16. Qb2 Bxd4 17. Qxd4 Nf6 18. Qh4 Qc7 19. e4 Rfd8 20. Ng5 Rxd1 21.
Rxd1 Rd8 22. Rxd8+ Qxd8 23. h3 e5 24. Kh2 Qd6 25. f4 exf4 26. gxf4 Nh5 27. Bf3
Qd2+ 28. Kg1 Qxf4 29. Qxf4 Nxf4 30. Bg4 h6 31. Nf3 f5 32. exf5 gxf5 33. Bxf5 Bxf3
34. Kf2 Bd5 0-1